|
|
|
|
| LEADER |
00000naa a2200000 c 4500 |
| 001 |
1725319608 |
| 003 |
DE-627 |
| 005 |
20200722162446.0 |
| 007 |
tu |
| 008 |
200722s2013 xx ||||| 00| ||eng c |
| 020 |
|
|
|a 9781461458661
|
| 035 |
|
|
|a (DE-627)1725319608
|
| 035 |
|
|
|a (DE-599)KXP1725319608
|
| 040 |
|
|
|a DE-627
|b ger
|c DE-627
|e rda
|
| 041 |
|
|
|a eng
|
| 100 |
1 |
|
|a Smit, Paul R.
|e VerfasserIn
|4 aut
|
| 245 |
1 |
0 |
|a Homicide data in Europe
|b definitions, sources, and statistics
|c Paul R. Smit, Rinke R. de Jong, and Catrien C.J.H. Bijleveld
|
| 264 |
|
1 |
|c 2013
|
| 336 |
|
|
|a Text
|b txt
|2 rdacontent
|
| 337 |
|
|
|a ohne Hilfsmittel zu benutzen
|b n
|2 rdamedia
|
| 338 |
|
|
|a Band
|b nc
|2 rdacarrier
|
| 700 |
1 |
|
|a Jong, Rinke R. de
|e VerfasserIn
|4 aut
|
| 700 |
1 |
|
|a Bijleveld, Catrien C. J. H.
|d 1958-
|e VerfasserIn
|0 (DE-588)134036964
|0 (DE-627)559879334
|0 (DE-576)166868078
|4 aut
|
| 773 |
0 |
8 |
|i Enthalten in
|t Handbook of European homicide research
|b 1. softcover print.
|d New York, NY : Springer, 2013
|g (2013), Seite 5-23
|h XI, 513 Seiten
|w (DE-627)1619042169
|w (DE-576)371913780
|z 9781461458661
|7 nnam
|
| 773 |
1 |
8 |
|g year:2013
|g pages:5-23
|
| 951 |
|
|
|a AR
|
| ELC |
|
|
|b 1
|
| LOK |
|
|
|0 000 xxxxxcx a22 zn 4500
|
| LOK |
|
|
|0 001 3728098604
|
| LOK |
|
|
|0 003 DE-627
|
| LOK |
|
|
|0 004 1725319608
|
| LOK |
|
|
|0 005 20260112115256
|
| LOK |
|
|
|0 008 200722||||||||||||||||ger|||||||
|
| LOK |
|
|
|0 040
|a DE-21-110
|c DE-627
|d DE-21-110
|
| LOK |
|
|
|0 689
|a s
|a Mord
|
| LOK |
|
|
|0 689
|a s
|a Daten
|
| LOK |
|
|
|0 689
|a s
|a Entwicklung
|
| LOK |
|
|
|0 689
|a s
|a Quellen
|
| LOK |
|
|
|0 689
|a g
|a Europa
|
| LOK |
|
|
|0 852
|a DE-21-110
|
| LOK |
|
|
|0 852 1
|m p
|9 00
|
| LOK |
|
|
|0 938
|k p
|
| LOK |
|
|
|0 939
|a 22-07-20
|b l01
|
| ORI |
|
|
|a SA-MARC-krimdoka001.raw
|